NBA Starting 5's - Statistics

General Stats
  • This quiz has been taken 57 times
  • The average score is 13 of 30
Answer Stats
Team Pg Sg Sf Pf C % Correct
Boston Celtics Derrick White Jrue Holiday Jaylen Brown Jayson Tatum Kristaps Porzingis
100%
Atlanta Hakws Trae Young Dyson Daniels Zaccharie Risacher Mouhamed Gueye Onyeka Okongwu
100%
Charlotte Hornets LaMelo Ball Nick Smith Jr Josh Green Miles Bridges Mark Williams
91%
Golden State Warriors Stephen Curry Brandin Podziemski Jimmy Butler III Jonathan Kuminga Draymond Green
91%
Denver Nuggets Jamal Murray Christian Braun Michael Porter Jr Aaron Gordon Nikola Jokic
87%
Detroit Pistons Cade Cunningham Tim Hardaway Jr Ausar Thompson Tobias Harris Jalen Duren
85%
Dallas Mavericks Kyrie Irving Max Christie Klay Thompson P.J. Washington Dwight Powell
85%
Cleveland Cavaliers Darius Garland Donovan Mitchell Max Strus Evan Mobley Jarrett Allen
83%
Chicago Bulls Josh Giddey Lonzo Ball Coby White Matas Buzelis Nikola Vucevic
70%
Brooklyn Nets D'Angelo Russell Cameron Thomas Ziaire Williams Cameron Johnson Nic Claxton
57%
LA Lakers Luka Doncic Austin Reaves Rui Hachimura Lebron James Jaxon Hayes
55%
Milwaukee Bucks Damian Lillard Taurean Prince Kyle Kuzma Giannis Antetokounmpo Brook Lopez
28%
LA Clippers James Harden Kris Dunn Norman Powell Kawhi Leonard Ivica Zubac
26%
Phoenix Suns Devin Booker Bradley Beal Royce O'Neale Kevin Durant Nick Richards
23%
Oklahoma City Thunder Shai Gilgeous-Alexander Luguentz Dort Jalen Williams Chet Holmgren Isaiah Hartenstein
23%
Philadelphia 76ers Tyrese Maxey Quentin Grimes Kelly Oubre Jr Paul George Joel Embiid
23%
San Antonio Spurs Chris Paul De'Aaron Fox Devin Vassell Harrison Barnes Bismack Biyombo
21%
Houston Rockets Fred VanVleet Jalen Green Amen Thompson Jabari Smith Jr Alperen Sengun
21%
New York Knicks Jalen Brunson Mikal Bridges Josh Hart OG Anunoby Karl-Anthony Towns
21%
Orlando Magic Jalen Suggs Kentavious Caldwell-Pope Franz Wagner Paolo Banchero Wendell Carter Jr
21%
Washington Wizards Jordan Poole Bilal Coulibaly Khris Middleton Kyshawn George Alex Sarr
21%
Indiana Pacers Tyrese Haliburton Andrew Nembhard Aaron Nesmith Pascal Siakam Myles Turner
21%
Portland Trailbazers Anfernee Simons Toumani Camara Deni Avdija Jerami Grant Donovan Clingan
19%
Memphis Grizzlies Ja Morant Desmond Bane Jaylen Wells Jaren Jackson Jr Zach Edey
19%
Miami Heat Tyler Herro Davison Mitchell Andrew Wiggins Bam Adebayo Kel'el Ware
19%
New Orleans Pelicans CJ McCollum Trey Murphy III Zion Williamson Kelly Olynyk Yves Missi
17%
Toronto Raptors Immanuel Quickley Gradey Dick RJ Barrett Scottie Barnes Jakob Poeltl
15%
Sacramento Kings Malik Monk Zach LaVine DeMar DeRozan Keegan Murray Domontas Sabonis
13%
Minnesota Timberwolves Dante DiVincenzo Anthony Edwards Jaden McDaniels Julius Randle Rudy Gobert
6%
Utah Jazz Isaiah Collier Collin Sexton Lauri Markkanen John Collins Walker Kessler
6%
No matching quizzes found
Score Distribution
Percent of People with Each Score
Percentile by Number Answered
Your Score History
You have not taken this quiz